01287cam a22002771 450000100060000000300080000600500170001400800410003103500190007203500180009104000390010904100080014808200220015610000310017824502530020926000290046230000390049150400910053065000510062165000610067265000560073370000500078994200120083999900170085195201410086816395BD-RjUL20211209000014.0140213s1954 enka 001 0 eng d a(BD-RjUL)16450 a(OCoLC)854496 aDLCcOKentUdUkdDLCdBD-RjULbeng aeng a780.941bHUM 19541 aHumphries, Charles.95068610aMusic publishing in the British Isles :bfrom the earliest times to the middle of the nineteenth century; a dictionary of engravers, printers, publishers, and music sellers, with a historical introduction /c Charles Humphries and William C. Smith. aLondon :bCassell,c1954 aix, 354 [1]p. :bfacsims.;c25 cm. aBibliography: p. 43-48. "List of musical instrument makers and repairers: p. 354-[355] 0aMusic printingzGreat BritainxHistory.950687 0aPublishers and publishingzGreat BritainxHistory.93005 0aMusiczGreat BritainxHistory and criticism.9506881 aSmith, William Charles,ejoint author.950689 2ddccBK c16395d16395 00102ddc40718NFICaRUCLbRUCLcReadingd1955-06-09eAllis bookg35.70l0o780.941 HUM 1954r2014-02-13 00:00:00tC-1w2014-02-13yBK